Football Français A-Z - Statistiques

Statistiques générales
  • Ce quiz a été pris 3 423 fois
  • Le résultat moyen est 18 sur 25
Statistiques - réponses
Clue Réponse % Correct
G A effectué un transfert en 2019 de l'Atlético Madrid à Barcelone Antoine Griezmann
89%
E Plus de titres remportés en première division française: AS Saint _____ Étienne
89%
J Prénom de Papin Jean-Pierre
88%
P Le plus grand club de la capitale française Paris Saint-Germain
88%
H Meilleur buteur de l'équipe nationale Thierry Henry
87%
B Pseudo équipe nationale: Les ___ Bleus
86%
K Meilleur buteur de la ligue française en 2018/19: ____ Mbappé Kylian
86%
M Vainqueur du titre qui n'est pas officiellement de la France: AS ____ Monaco
85%
Z A reçu un carton rouge en finale de la Coupe du monde en 2006 Zinedine Zidane
83%
O Club qui a remporté la ligue 7 fois d'affilée Olympique Lyonnais
80%
S Stade de l'équipe nationale Stade de France
76%
R A joué pour le Bayern Munich de 2007 à 2019 Franck Ribéry
75%
Q Propriétaire du club ci-dessus Qatar Sports Investment
75%
N A remporté le championnat français 8 fois FC Nantes
73%
L Vainqueur de la ligue française en 2010/11 Lille OSC
73%
U Il a été transféré du Lyonnais à Barcelone en 2016. Samuel Umtiti
70%
Y Prénom de Cabaye Yohan
69%
W Gestion de l'arsenal de 1996 à 2018 Arsène Wenger
66%
C "The King" Éric Cantona
62%
T Ce joueur a joué le plus de matchs pour l'équipe nationale Lilian Thuram
62%
V A joué pour Arsenal de 1996 à 2005 Patrick Vieira
54%
A A remporté le championnat français une fois AJ Auxerre
49%
F FA française FFF
43%
D 116 matchs pour l'équipe de France Marcel Desailly
37%
I A fait ses débuts dans l'équipe de France en 2019 Jonathan Ikoné
26%
Aucun quiz correspondant
Distribution des résultats
% des personnes avec chaque résultat
Percentile par nombre de réponses
Votre historique - résultats
Vous n’avez pas pris ce quiz